| 000 | 00431nam a2200181Ia 4500 | ||
|---|---|---|---|
| 003 | 0STCL | ||
| 008 | 150530s9999 xx 000 0 und d | ||
| 040 |
_aSTCL _cSTCL |
||
| 100 | _aPadmanabha Pillai, K.M. | ||
| 245 | _aKalvariyile Kalpapadapam | ||
| 250 | _a8 | ||
| 260 |
_bEducational Supplies Depot; Trivandrum _c1966 |
||
| 300 | _a0 | ||
| 546 | _aMalayalam | ||
| 942 |
_2ddc _cBK |
||
| 999 |
_c48421 _d48421 |
||
| 005 | 20220125170742.0 | ||